000 00498nam a2200133 a 4500
001 000033387
005 20200930070225.0
008 110825s1902 dr 000 0 spa d
040 _aDO-SdBNP
_bspa
_cBNPHU
245 0 0 _aRectificaciones hechas por el ministro de Hacienda y Comercio de la República Dominicana Sr. Elias Brache Hijo al informe que produjo en la Cámara de de Representantes.
260 _aSanto Domingo :
_bTipografía Nacional,
_c1902.
300 _a26 p. ;
_c24 cm.
049 _aBNPD
999 _c32878
_d32878